| 000 | 00462nam a22001817a 4500 | ||
|---|---|---|---|
| 003 | NUST - PNEC | ||
| 005 | 20170116180914.0 | ||
| 008 | 150903b xxu||||| |||| 00| 0 eng d | ||
| 020 | _a- | ||
| 040 | _cLIBRARY | ||
| 082 | _a620.112 CHH | ||
| 100 |
_97308 _aG. P. Chhalotra, Dr. |
||
| 245 |
_aElectrical engineering materials _cDr. G. P. Chhalotra |
||
| 250 | _a4th ed. | ||
| 260 | _cc.1995 | ||
| 650 |
_97315 _aElectrical Engineering _xEE |
||
| 942 |
_2ddc _cBK |
||
| 999 |
_c65393 _d65393 |
||